000 00406nam a2200145Ia 4500
008 230711s9999||||xx |||||||||||||| ||und||
041 _aENG
082 _a621
_bIN-S
100 _aIndian Instuties of Bridge Expiners
245 0 _aIntroduction seminar on steel composite
250 _a1st Ed.
260 _c2003
_aNew Delhi
_bIndian Instuties of Bridge Expiners
650 _aCivil Engineering
942 _cBK
999 _c4056
_d4056